Państwa według procentu zgonów podczas II wojny światowej - Statystyki

Ogólne statystyki
  • Ten quiz został rozwiązany 4 261 razy
  • Średni wynik to 6 z 14
Statystyki odpowiedzi
% Łączna
ludność
Państwo % Poprawnych
17,1 5 950 000 Polska
100%
8,2 5 700 000 Niemcy
99%
12,7 13 950 000 Rosja
95%
16,3 6 850 000 Ukraina
68%
14,4 370 000 Litwa
60%
25,3 2 290 000 Białoruś
58%
12,5 250 000 Łotwa
58%
9,1 657 000 Grecja
33%
10,7 660 000 Kazachstan
15%
8,3 300 000 Gruzja
13%
9,1 300 000 Azerbejdżan
9%
14,7 500 Nauru
8%
8,4 550 000 Uzbekistan
8%
11,5 55 000 Timor Wschodni
2%
Nie znaleziono quizów pasujących do podanych kryteriów
Rozkład punktacji
Procent ludzi z każdym wynikiem
Percentyl według liczby udzielonych odpowiedzi
Twoja historia wyników
Nie rozwiązałeś tego quizu